La Chaquira en México / (Record no. 20829)

MARC details
000 -CABECERA
campo de control de longitud fija 01090nam a22003017a 4500
003 - IDENTIFICADOR DEL NÚMERO DE CONTROL
campo de control MX-MxINE
005 - FECHA Y HORA DE LA ÚLTIMA TRANSACCIÓN
campo de control 20260601171019.0
008 - DATOS DE LONGITUD FIJA--INFORMACIÓN GENERAL
campo de control de longitud fija 260520t1998\\\\mx\a||||\||||\00|\0\spa\d
020 ## - NÚMERO INTERNACIONAL ESTÁNDAR DEL LIBRO
Número Internacional Estándar del Libro 968653363X
040 ## - FUENTE DE LA CATALOGACIÓN
Centro catalogador/agencia de origen MX-MxINE
Lengua de catalogación spa
Centro/agencia transcriptor MX-MxINE
Normas de descripción rda
041 ## - CÓDIGO DE LENGUA
Código de lengua del texto/banda sonora o título independiente spa
050 ## - SIGNATURA TOPOGRÁFICA DE LA BIBLIOTECA DEL CONGRESO
Número de clasificación F1219.3A7
Número de documento/Ítem C374
100 ## - ENTRADA PRINCIPAL--NOMBRE DE PERSONA
Nombre de persona Castelló Yturbide, Teresa,
Fechas asociadas al nombre 1917-2015
Término indicativo de función/relación autor
9 (RLIN) 34431
245 #1 - MENCIÓN DE TÍTULO
Título La Chaquira en México /
Mención de responsabilidad, etc. Teresa Castello Yturbide, Carlotta Mapelli Mozzi ; introd. Alfonso de Maria y Campos
264 ## - PRODUCCIÓN, PUBLICACIÓN, DISTRIBUCIÓN, FABRICACIÓN Y COPYRIGHT
Producción, publicación, distribución, fabricación y copyright México :
Nombre del de productor, editor, distribuidor, fabricante Museo Franz Mayer :
-- Artes de México,
Fecha de producción, publicación, distribución, fabricación o copyright 1998
300 ## - DESCRIPCIÓN FÍSICA
Extensión 71 páginas :
Otras características físicas ilustraciones
336 ## - TIPO DE CONTENIDO
Fuente rdacontent
Término de tipo de contenido texto
337 ## - TIPO DE MEDIO
Fuente rdamedia
Nombre/término del tipo de medio sin medio
338 ## - TIPO DE SOPORTE
Fuente rdacarrier
Nombre/término del tipo de soporte volumen
490 ## - MENCIÓN DE SERIE
Mención de serie Colección Uso y estilo ;
Designación de volumen o secuencia 6
500 ## - NOTA GENERAL
Nota general Texto en español e inglés
650 ## - PUNTO DE ACCESO ADICIONAL DE MATERIA--TÉRMINO DE MATERIA
Término de materia o nombre geográfico como elemento de entrada Arte indígena
Subdivisión geográfica México
9 (RLIN) 597
650 ## - PUNTO DE ACCESO ADICIONAL DE MATERIA--TÉRMINO DE MATERIA
Término de materia o nombre geográfico como elemento de entrada Chaquira
Subdivisión geográfica México
9 (RLIN) 34432
650 ## - PUNTO DE ACCESO ADICIONAL DE MATERIA--TÉRMINO DE MATERIA
Término de materia o nombre geográfico como elemento de entrada Indios de México
Subdivisión general Ropa
9 (RLIN) 34433
700 #1 - PUNTO DE ACCESO ADICIONAL--NOMBRE DE PERSONA
Nombre de persona Mapelli Mozzi, Carlotta,
Término indicativo de función/relación autor
9 (RLIN) 34434
700 #1 - PUNTO DE ACCESO ADICIONAL--NOMBRE DE PERSONA
Nombre de persona María y Campos, Armando de,
Fechas asociadas al nombre 1897-1967,
Término indicativo de función/relación prologuista
9 (RLIN) 9568
942 ## - ELEMENTOS DE PUNTO DE ACCESO ADICIONAL (KOHA)
Fuente del sistema de clasificación o colocación Library of Congress Classification
Tipo de ítem Koha Libros
Suprimir en OPAC 1

No items available.